Social work and social care practice (Record no. 176382)
[ view plain ]
| 000 -LEADER | |
|---|---|
| fixed length control field | 00779nam a2200277Ia 4500 |
| 003 - CONTROL NUMBER IDENTIFIER | |
| control field | OSt |
| 005 - DATE AND TIME OF LATEST TRANSACTION | |
| control field | 20251014173705.0 |
| 008 - FIXED-LENGTH DATA ELEMENTS--GENERAL INFORMATION | |
| fixed length control field | 210423s2006 xx 000 0 und d |
| 020 ## - INTERNATIONAL STANDARD BOOK NUMBER | |
| International Standard Book Number | 978-0-7619-4063-0 |
| 040 ## - CATALOGING SOURCE | |
| Transcribing agency | AL |
| 041 ## - LANGUAGE CODE | |
| Language code of text/sound track or separate title | English |
| 082 ## - DEWEY DECIMAL CLASSIFICATION NUMBER | |
| Classification number | 361.32 |
| Item number | OCOS |
| 100 ## - MAIN ENTRY--PERSONAL NAME | |
| Personal name | Jan O Conner |
| 9 (RLIN) | 117714 |
| 245 ## - TITLE STATEMENT | |
| Title | Social work and social care practice |
| 260 ## - PUBLICATION, DISTRIBUTION, ETC. | |
| Place of publication, distribution, etc. | New Delhi |
| Name of publisher, distributor, etc. | Sage Publications |
| Date of publication, distribution, etc. | 2006 |
| 300 ## - PHYSICAL DESCRIPTION | |
| Extent | vii,242p |
| Other physical details | HB |
| 365 ## - TRADE PRICE | |
| Price amount | 2801.56 |
| Currency code | GBP |
| 650 ## - SUBJECT ADDED ENTRY--TOPICAL TERM | |
| Topical term or geographic name entry element | Social Problems & Services |
| 9 (RLIN) | 117715 |
| 650 ## - SUBJECT ADDED ENTRY--TOPICAL TERM | |
| Topical term or geographic name entry element | Social Work |
| 9 (RLIN) | 117716 |
| 700 ## - ADDED ENTRY--PERSONAL NAME | |
| Personal name | Hughes, Mark |
| 9 (RLIN) | 242276 |
| 700 ## - ADDED ENTRY--PERSONAL NAME | |
| Personal name | Turney, Danielle |
| 9 (RLIN) | 242277 |
| 700 ## - ADDED ENTRY--PERSONAL NAME | |
| Personal name | Wilson, Jill |
| 9 (RLIN) | 242278 |
| 700 ## - ADDED ENTRY--PERSONAL NAME | |
| Personal name | Setterlund, Deborah |
| 9 (RLIN) | 242279 |
| 906 ## - LOCAL DATA ELEMENT F, LDF (RLIN) | |
| a | care ; practice ; Social ; work |
| 942 ## - ADDED ENTRY ELEMENTS (KOHA) | |
| Source of classification or shelving scheme | Dewey Decimal Classification |
| Koha item type | Book |
| Withdrawn status | Lost status | Damaged status | Not for loan | Collection code | Home library | Current library | Date acquired | Source of acquisition | Cost, normal purchase price | Total Checkouts | Full call number | Barcode | Date last seen | Price effective from | Koha item type |
|---|---|---|---|---|---|---|---|---|---|---|---|---|---|---|---|
| MSW | St Aloysius PG Library | St Aloysius PG Library | 02/13/2015 | Kiran Book Centre | 2801.56 | 361.32 OCOS | PG023086 | 08/24/2022 | 04/26/2021 | Book |